Statistics for Noah Kahan - Stick Season Lyrics

Click here to take the quiz!

General Stats

  • This quiz has been taken 511 times
  • The average score is 371 of 419

Answer Stats

Answer% Correct
a
99%
I
99%
the
99%
you
99%
You
99%
of
98%
that
98%
That
98%
And
97%
and
97%
me
97%
your
97%
but
96%
But
96%
for
96%
half
96%
it
96%
mom
96%
My
96%
my
96%
season
96%
sticks
96%
to
96%
forgot
95%
it's
95%
like
95%
saw
95%
she
95%
existed
94%
fault
94%
No
94%
no
94%
Christmas
93%
drink
93%
love
93%
on
93%
play
93%
Vermont
93%
victim
93%
alcohol
92%
come
92%
friends
92%
have
92%
Have
92%
home
92%
just
92%
not
92%
So
92%
'til
92%
do
91%
some
91%
each
90%
I'll
90%
dream
89%
lose
89%
night
89%
version
89%
now
88%
Now
88%
was
88%
did
87%
all
86%
might
85%
in
84%
as
83%
As
83%
through
82%
am
80%
can't
80%
had
80%
more
80%
promised
80%
shoes
80%
than
80%
tire
80%
told
80%
combined
79%
miles
79%
pair
79%
tracks
79%
'cause
78%
COVID
78%
drive
78%
exit
78%
heart
78%
I'm
78%
left
78%
one
78%
passed
78%
split
78%
change
77%
future
77%
our
77%
right
77%
sign
77%
way
77%
call
76%
there's
76%
Kept
75%
planes
75%
travel
75%
voice
75%
Doc
74%
drivin'
74%
halfway
74%
straight
74%
that'll
74%
off
73%
you're
73%
anger
72%
back
72%
between
72%
miss
72%
other
72%
stuck
72%
when
72%
Because
71%
Dad
71%
see
71%
exactly
70%
funny
70%
laugh
70%
still
70%
trailed
70%
weed
70%
yourself
70%
from
69%
longer
69%
smoking
69%
called
68%
"forever"
68%
inherited
68%
memories
68%
must've
68%
rains
68%
somethin'
68%
weather
68%
darkness
67%
out
67%
terrified
67%
even
65%
good
65%
once
65%
thought
65%
cancel
64%
could
64%
replace
64%
bad
63%
face
62%
if
62%
passin'
62%
this
62%
Oh
61%
doubt
60%
hope
60%
piled
58%
pain's
57%
something
57%
blame
56%
does
51%
are
48%

Score Distribution

Percentile by Number Answered

Percent of People with Each Score

Your Score History

You have not taken this quiz